<?xml version="1.0" encoding="UTF-8"?>
<marc:record xmlns:marc="http://www.loc.gov/MARC21/slim">
   <marc:leader>00000nam a2200000 a 4500</marc:leader>
   <marc:datafield ind1="1" ind2=" " tag="100">
      <marc:subfield code="a">Tadjo, Veronique</marc:subfield>
      <marc:subfield code="4">aut</marc:subfield>
      <marc:subfield code="e">Verfasser/-in</marc:subfield>
   </marc:datafield>
   <marc:datafield ind1=" " ind2=" " tag="653">
      <marc:subfield code="a">Apartheid</marc:subfield>
   </marc:datafield>
   <marc:datafield ind1=" " ind2=" " tag="653">
      <marc:subfield code="a">Mandela</marc:subfield>
   </marc:datafield>
   <marc:datafield ind1=" " ind2=" " tag="653">
      <marc:subfield code="a">N.</marc:subfield>
   </marc:datafield>
   <marc:datafield ind1=" " ind2=" " tag="653">
      <marc:subfield code="a">Rassismus</marc:subfield>
   </marc:datafield>
   <marc:datafield ind1="0" ind2="0" tag="245">
      <marc:subfield code="a">Nelson Mandela - "Nein zur Apartheid"</marc:subfield>
   </marc:datafield>
   <marc:datafield ind1="0" ind2="0" tag="245">
      <marc:subfield code="c">Veronique Tadjo. Aus dem Französ. von Carolin Wiedemeyer</marc:subfield>
   </marc:datafield>
   <marc:datafield ind1=" " ind2="1" tag="264">
      <marc:subfield code="a">Köln</marc:subfield>
      <marc:subfield code="b">Anaconda-Verl.</marc:subfield>
      <marc:subfield code="c">2012</marc:subfield>
   </marc:datafield>
   <marc:datafield ind1="1" ind2=" " tag="520">
      <marc:subfield code="a">Der Freiheitskämpfer und spätere Friedensnobelpreisträger Nelson Mandela ist eine der herausragenden Persönlichkeiten des 20. Jahrhunderts. Mehr als 27 Jahre saß er als erbitterter Gegner der Apartheid in Südafrika im Gefängnis, bevor er 1990 unter dem Jubel der Welt von Staatspräsident de Klerk begnadigt wurde. Nach seiner Freilassung machte er sich für eine Politik der Versöhnung zwischen Schwarzen und Weißen stark und läutete als erster schwarzer Präsident Südafrikas das Ende der Apartheid ein. In diesem Buch lässt Véronique Tadjo ihn aus seinem Leben erzählen und wie er zu einem der großen Nein-Sager der Weltgeschichte wurde.</marc:subfield>
   </marc:datafield>
   <marc:datafield ind1=" " ind2=" " tag="020">
      <marc:subfield code="a">9783866477421</marc:subfield>
      <marc:subfield code="9">9783866477421</marc:subfield>
   </marc:datafield>
   <marc:datafield ind1=" " ind2=" " tag="020">
      <marc:subfield code="a">3866477422</marc:subfield>
      <marc:subfield code="9">3866477422</marc:subfield>
   </marc:datafield>
   <marc:datafield ind1=" " ind2=" " tag="300">
      <marc:subfield code="a">96 S. : Ill.</marc:subfield>
   </marc:datafield>
</marc:record>
